000 00394nam a2200181Ia 4500
001 1178
005 20260306140612.0
008 260306t2013||||xx |||||||||||||| ||spa||
041 _aESP
082 _a187
_bE364
100 _aEpicuro
_eAUT
245 0 _aObras
260 _c2013
300 _alxxxii, 101 páginas :
_c20 cm.
650 _aGEN
654 _aCHU
942 _cLIB
_dJUS
_fJUS
_2ddc
_n
999 _c1178
_d1178